000 00623nam a2200193Ia 4500
003 LDD
008 190117s9999 xx 000 0 und d
020 _a8170162254
_c₹150
040 _cLDD
041 _ahi
082 _a8H1.709 न6866 स
100 _aनवल, नंद किशोर
245 0 _aसमकालीन काव्य-यात्रा
_cनंद किशोर नवल
260 _aनईदिल्ली
_bकिताबघर
_c1994
300 _a282पृ.
901 _aHBC
904 _aReqst by :
942 _2ddc
_cH
999 _c162031
_d162031